1018 1338 1736 1046 1161 1222 1992 1920 1378 1138 1931 1645 1811 1538 1915 1205 1195 1097 1600 1757 1787 1546 1914 1803 1335 1080 1874 1076 1985 1816 1852 1832 1564 1978 1072 1927 1713 1638 1939 1918 1382 1540 1723 1941 1230 1605 1778 1129 1366 1506 1841 1298 1905 1180 1378 1116 1095 1015 1272 1525 1714 1586 1568 1833 1821 1372 1771 1216 1608 1517 1494 1745 1289 1409 1718 1064 1064 1923 1365 1566 1093 1848 1609 1539 1461 1201 1689 1546 1708 1540 1889 1857 1255 1585 1533 1806 1089 1490 1718 BCNSPRNW ULIB Ver.6.0+V

เปลี่ยนเป็นภาษาไทย

Change to English
 แสดงรายละเอียดบรรณานุกรม
  กลับหน้าหลัก

Brief Record : Get Marc (ISO 2709) : E-mail record : QR code < ปิดหน้าต่าง
LEADER : 00000nam 2200000uu 4500
001    13399114381
003     ULIB
008    120327s2548||||th 000 0 tha d
020    ^a974931199X
060 04 ^aWE835^bว542น 2548
100 0  ^aวิชัย วิจิตรพรกุล
245 10 ^aนิ้วล็อก =^bTrigger finger /^cวิชัย วิจิตรพรกุล
246 31 ^aTrigger finger
250    ^aพิมพ์ครั้งที่ 2
260    ^aกรุงเทพฯ :^bดอกหญ้ากรุ๊ป,^c2548
300    ^a224 หน้า :^bภาพประกอบ ;^c22 ซม.
650  7 ^aนิ้วมือ, โรค^xการป้องกันและควบคุม
650  7 ^aนิ้วมือ, โรค^xการรักษา
945    ^p195^l0^i14113
945    ^p195^l0^i14112
995    ^aกัณชพร
999    ^aใช้งานได้ทุกระบบ
รายการนี้ยังไม่มีแท็ก
คุณยังไม่ได้ล็อกอิน คุณสามารถมีกิจกรรมร่วมกับเว็บไซต์ได้ แต่ต้องล็อกอินก่อน ::
  ล็อกอิน

รายการสื่อสารสนเทศ

ลำดับที่ ประเภท เลขเรียก/บาร์โค้ด สถานที่ สถานะ
1. วิทยาศาสตร์การแพทย์ และสุขภาพ
วิทยาศาสตร์การแพทย์ และสุขภาพ
WE835 ว542น 2548 ฉ.2 
  Barcode: 14112
ห้องสมุดวิทยาเขตสวรรค์ประชารักษ์
►หนังสือทั่วไป
ถูกยืม กำหนดส่งวันที่ 15 พฤษภาคม 2558
  จอง

รายการใกล้เคียง
    ผู้แต่ง [วิชัย วิจิตรพรกุล]

BibComment


ยังไม่เคยถูกคอมเมนท์

คอมเมนท์ทรัพยากรรายการนี้
  คอมเมนท์: นิ้วล็อก Trigge..


 Copyright 2026. Bcnsprnw @Library